000 00311pab a2200133 454500
008 180718b1983 xxu||||| |||| 00| 0 eng d
100 _aRoy, Arabinda
245 _aPublic sector
_bThe gap at the top
260 _c1983
300 _a79-81
650 _aGovernment Enterprise
773 _aCapital
909 _a9178
999 _c9178
_d9178